Profit planning handbook (Record no. 28312)

MARC details
000 -LEADER
fixed length control field 00268nam a2200109Ia 4500
082 ## - DEWEY DECIMAL CLASSIFICATION NUMBER
Classification number 338.98(035)
Item number WAL
100 ## - MAIN ENTRY--AUTHOR NAME
Personal name Walley, B H
245 #0 - TITLE STATEMENT
Title Profit planning handbook
260 ## - PUBLICATION, DISTRIBUTION, ETC. (IMPRINT)
Place of publication London
Name of publisher Business
Year of publication 1978
942 ## - ADDED ENTRY ELEMENTS (KOHA)
Koha item type Books
Holdings
Withdrawn status Lost status Damaged status Not for loan Home library Current library Date acquired Cost, normal purchase price Full call number Accession Number Koha item type
        RRII Library RRII Library 16/12/2021 10.00 338.98(035) WAL 08913 Books